000 00507nam a22001697a 4500
003 OSt
082 _a664
_bAME/IN
088 _aP 615
100 _aAmeera C
_96220
245 _aInstant controlled pressure drop assisted extraction of essential oil from cinnamon leaves /
260 _aTavanur :
_bDepartment of Processing & Food Engineering,
_c2024.
700 _aNavya Praveen K
_96221
700 _aAlex K Sani
_96222
700 _aAkash Balakrishnan
_96223
700 _aPrince M V (Guide)
942 _cPR
999 _c18093
_d18093